| 000 | 00529nam a2200229Ia 4500 | ||
|---|---|---|---|
| 003 | 0100 | ||
| 008 | 130307s9999 xx 000 0 und d | ||
| 020 | _a0877355150 | ||
| 040 | _cARRUPELIB | ||
| 050 | _aBJ319.R623 1972 | ||
| 100 | _aRoss, Stephen David | ||
| 245 | _aMoral decision | ||
| 245 | _ban introduction to ethics | ||
| 260 | _aSan Francisco | ||
| 260 | _bFreeman, Cooper & Co. | ||
| 260 | _c1972 | ||
| 300 | _a323p. | ||
| 300 | _b25cm. | ||
| 650 | _aETHICS | ||
| 650 | _btheology, doctrinal | ||
| 942 | 0 | 0 | _01 |
| 999 |
_c96121 _d96121 |
||